Hydraulics and Hydraulic Machines : (Record no. 36618)

MARC details
000 -LEADER
fixed length control field 00531nam a22001817a 4500
005 - DATE AND TIME OF LATEST TRANSACTION
control field 20241008142901.0
008 - FIXED-LENGTH DATA ELEMENTS--GENERAL INFORMATION
fixed length control field 241003b |||||||| |||| 00| 0 eng d
020 ## - INTERNATIONAL STANDARD BOOK NUMBER
ISBN 978-81-203-4664-2
082 ## - DEWEY DECIMAL CLASSIFICATION NUMBER
Classification number 621.2
Item number RAI-H
100 ## - MAIN ENTRY--AUTHOR
Author Name Raikar, R.V.
245 ## - TITLE STATEMENT
Title Hydraulics and Hydraulic Machines :
Remainder of title Laboratory Manual /
Statement of responsibility, etc. R.V.Raikar
260 ## - PUBLICATION, DISTRIBUTION, ETC.
Place of Publication India :
Name of publisher, distributor, etc. PHI Learning ;
Date of publication, distribution, etc. 2012.
300 ## - PHYSICAL DESCRIPTION
Pages 216 p. :
500 ## - GENERAL NOTE
General note Include Index .
650 ## - SUBJECT ADDED ENTRY--TOPICAL TERM
Subject / Department Engineering / Civil
650 ## - SUBJECT ADDED ENTRY--TOPICAL TERM
Subject / Department Engineering /Mechanical
300 ## - PHYSICAL DESCRIPTION
-- ill ;
-- 24 cm.
952 ## - LOCATION AND ITEM INFORMATION (KOHA)
-- 0
-- 0
952 ## - LOCATION AND ITEM INFORMATION (KOHA)
-- 0
-- 0
Holdings
Lost status Damaged status Collection code Permanent Location Current Location Shelving Location Date acquired Full Call Number Accession No./Barcode Date last seen Copy number item type Koha item type
    Engineering Superior Information Resource Center (SIRC) Superior University- Main Campus Superior Information Resource Center (SIRC) Superior University- Main Campus Civil/Mechanical 10/03/2024 621.2 RAI-H 2012 29466 10/03/2024 1 BOOK BOOK
    Engineering Superior Information Resource Center (SIRC) Superior University- Main Campus Superior Information Resource Center (SIRC) Superior University- Main Campus Civil/Mechanical 10/03/2024 621.2 RAI-H 2012 29467 10/03/2024 2 BOOK BOOK

Powered by Koha